| 000 | 00594cam a2200205u 4500 | ||
|---|---|---|---|
| 001 | 9675497 | ||
| 003 | OSt | ||
| 005 | 20230619115407.0 | ||
| 008 | 811231s1927 enkbf 000 0 eng | ||
| 010 | _a 27020243 | ||
| 040 |
_aDLC _cCarP _dDLC |
||
| 082 |
_a301 _bMAS |
||
| 100 | 1 | _aMassam, J. A. | |
| 245 | 1 | 4 | _aThe cliff dwellers of Kenya; |
| 260 |
_aLondon, _bSeeley, Service & co. limited, _c1927. |
||
| 300 |
_a5 p. l., 267, [1] p. _bfront., plates, 2 maps (1 fold.) _c22 cm. |
||
| 650 | 0 | _aElgeyo (African people) | |
| 906 |
_a0 _bcbc _cpremunv _du _encip _f19 _gy-gencatlg |
||
| 942 |
_2ddc _cBK |
||
| 999 |
_c1266 _d1266 |
||